Every 1,000,000+ African City on a Map - Statistics

General Stats
  • This quiz has been taken 2,630 times
    477 since last reset
  • The average score is 59 of 81
Answers on the Map
Answers color-coded by a green-red scale on the quiz's map according to % correct below.
 
Answer Stats
Population City % Correct
6,350,000 Alexandria
99%
4,400,000 Algiers
99%
23,200,000 Cairo
99%
21,900,000 Lagos
99%
2,775,000 Tunis
99%
5,200,000 Cape Town
98%
4,500,000 Casablanca
98%
15,100,000 Johannesburg
98%
4,950,000 Addis Ababa
97%
4,375,000 Dakar
97%
16,900,000 Kinshasa
97%
7,150,000 Nairobi
97%
7,050,000 Accra
96%
7,400,000 Khartoum
96%
2,150,000 Rabat
96%
1,930,000 Tripoli
96%
10,400,000 Luanda
95%
2,325,000 Mogadishu
95%
3,175,000 Abuja
93%
6,900,000 Dar es Salaam
93%
5,350,000 Kampala
92%
3,250,000 Antananarivo
90%
2,550,000 Brazzaville
90%
5,950,000 Bamako
89%
3,975,000 Durban
89%
1,460,000 Freetown
89%
2,700,000 Harare
89%
3,900,000 Yaoundé
89%
1,330,000 Fes
88%
2,050,000 Kigali
87%
1,150,000 Marrakesh
87%
2,000,000 Monrovia
87%
3,100,000 Lusaka
86%
2,650,000 Maputo
86%
3,550,000 Ouagadougou
86%
7,300,000 Abidjan
85%
4,000,000 Conakry
84%
5,550,000 Kano
84%
2,025,000 N'Djamena
84%
1,120,000 Asmara
83%
1,400,000 Mombasa
83%
1,580,000 Niamey
83%
2,725,000 Lomé
81%
1,740,000 Bangui
79%
1,250,000 Lilongwe
79%
1,550,000 Nouakchott
79%
1,210,000 Banjul
78%
1,460,000 Tangier
78%
1,200,000 Port Elizabeth
75%
1,670,000 Oran
72%
2,225,000 Cotonou
70%
3,950,000 Douala
70%
3,475,000 Ibadan
68%
1,080,000 Zanzibar
67%
1,840,000 Benin City
66%
2,300,000 Port Harcourt
66%
1,320,000 Bujumbura
62%
2,975,000 Lubumbashi
62%
1,300,000 Agadir
60%
2,950,000 Kumasi
59%
1,200,000 Sousse
52%
2,600,000 Mbuji-Mayi
50%
1,530,000 Pointe-Noire
50%
1,050,000 Goma
44%
1,340,000 Kisangani
40%
1,310,000 Aba
39%
1,370,000 Benguela
39%
1,230,000 Arusha
38%
2,025,000 Kaduna
36%
1,370,000 Touba
36%
1,130,000 Bobo-Dioulasso
34%
1,220,000 Maiduguri
33%
1,390,000 Mwanza
33%
1,420,000 Kananga
31%
1,250,000 Onitsha
31%
1,140,000 Jos
30%
1,040,000 Enugu
29%
1,140,000 Bukavu
28%
1,190,000 Ilorin
28%
1,180,000 Sokoto
26%
1,080,000 Zaria
25%
No matching quizzes found
Score Distribution
Percent of People with Each Score
Percentile by Number Answered
Your Score History
You have not taken this quiz since the last reset